00317nam a2200133Ia 45000030006000000080041000060400015000471000015000622450039000772600034001163000006001505460010001560050017001660STCL150530s9999 xx 000 0 und d aSTCLcSTCL aKamaleswar aKamalaeswar ki Shreshtra kahaniyan bParag Prakashan ; Delhic1976 a0 aHindi20220125171235.0